000 01987nam a2200325 i 4500
003 DO-SdBNP
005 20260212133941.0
007 ta
008 260212b2025 dr ad||| |||| 00| 0 spa d
020 _a9789945099096
040 _aDO-SdBNP
_bspa
_cBNPHU
_erda
041 _aspa
082 4 _axxx
_bC965g
_222
100 _aCuello Nieto, César
_eautor
_4aut.
_937060
245 1 0 _aGestión del capital intelectual en las instituciones de educación superior :
_bcaso de la Universidad Autónoma de Santo Domingo /
_cCésar Cuello Nieto ; edición al cuidado Avelino Stanley ; prólogo, Fernando I. Ferrán.
264 _aSanto Domingo, República Dominicana :
_bEditorial Santuario,
_c2021.
300 _a473 páginas :
_bilustraciones, gráficos ;
_c23 cm.
336 _atexto
_btxt
_2rdacontent
337 _asin mediación
_bn
_2rdamedia
338 _avolumen
_bnc
_2rdacarrier
500 _aIncluye datos biográficos del autor en las solapas
500 _aIncluye apéndices metodológicos y estadísticos (páginas 411-473).
504 _aBibliografía: páginas 391-410
505 _aÍndice de cuadros 12 -- Índice de gráficos 13 -- Índice de tablas 13 -- Lista de acrónimos 17 -- Prólogo 21 -- Agradecimientos 25 -- Introducción 29 -- Metodología 35 -- Marco Teórico y Conceptual 41 -- La gestión del Capital Intelectual en las IES 73 -- La gestión del Capital Intelectual Estructural 93 -- El Sistema de Educación Superior de la República Dominicana 103 --- Informe de Capital Intelectual Estructural de la UASD. Estado de situación 117 -- Informe de Capital Intelectual Humano de la UASD. Estado de situación 229 -- Informe de Capital Intelectual Relacional de la UASD. Estado de situación 335 -- Conclusiones 379 -- Referencias bibliográficas 391 -- Anexos 411.
590 _aInventariado, 2026 /LP
700 _aFerran, Fernando I
_eprologuista
_4pr.
_935398
700 _aStanley, Avelino
_eeditor
_4ed.
_981556
910 _aLP
942 _2ddc
_cLBS1
999 _c60306
_d60306